Danko, el caballo que conocía las estrellas / (Registro nro. 12069)

Detalles MARC
000 -LEADER
fixed length control field 00984nam a22003137a 4500
001 - CONTROL NUMBER
control field 000734
003 - CONTROL NUMBER IDENTIFIER
control field DO-SdBNP
005 - DATE AND TIME OF LATEST TRANSACTION
control field 20180209132044.0
007 - PHYSICAL DESCRIPTION FIXED FIELD--GENERAL INFORMATION
fixed length control field 000734
008 - FIXED-LENGTH DATA ELEMENTS--GENERAL INFORMATION
fixed length control field 161123b 1992 sp a ||||| |||| 00| 0 spa d
020 ## - INTERNATIONAL STANDARD BOOK NUMBER
International Standard Book Number 8434824302
040 ## - CATALOGING SOURCE
Original cataloging agency BPMSU
Language of cataloging spa
Transcribing agency BPMSU
100 1# - MAIN ENTRY--PERSONAL NAME
Personal name Panero, José Antonio
245 10 - TITLE STATEMENT
Title Danko, el caballo que conocía las estrellas /
Statement of responsibility, etc. José Antonio Panero ; ilustraciones, Jesús Gabán.
250 ## - EDITION STATEMENT
Edition statement 7ª ed.
260 ## - PUBLICATION, DISTRIBUTION, ETC. (IMPRINT)
Place of publication, distribution, etc. Madrid :
Name of publisher, distributor, etc. SM,
Date of publication, distribution, etc. 1992.
300 ## - PHYSICAL DESCRIPTION
Extent 117 p. :
Other physical details il. ;
Dimensions 19 cm.
490 1# - SERIES STATEMENT
Series statement Barco de vapor. Serie naranja
Volume/sequential designation 52
490 1# - SERIES STATEMENT
Series statement El barco de vapor
Volume/sequential designation 150
500 ## - GENERAL NOTE
General note "A partir de 9 años"
586 ## - AWARDS NOTE
Awards note "Premio El Barco de Vapor 1987"
586 ## - AWARDS NOTE
Awards note "Premio CCEI 1988"
700 12 - ADDED ENTRY--PERSONAL NAME
Personal name Gabán, Jesús,
Dates associated with a name 1957-
Relator term il.
830 #0 - SERIES ADDED ENTRY--UNIFORM TITLE
Uniform title Barco de vapor. Serie naranja ;
Volume number/sequential designation 52
830 #0 - SERIES ADDED ENTRY--UNIFORM TITLE
Uniform title El barco de vapor ;
Volume number/sequential designation 150
942 ## - ADDED ENTRY ELEMENTS (KOHA)
Source of classification or shelving scheme Dewey Decimal Classification
Koha item type Libros
945 ## - LOCAL PROCESSING INFORMATION (OCLC)
a Inventariado, 2018 /LP
956 ## - LOCAL ELECTRONIC LOCATION AND ACCESS (OCLC)
Host name LOPEREZ
Access number 10
Compression information 20161123
Processor of request BPMSU
Existencias
Withdrawn status Lost status Source of classification or shelving scheme Damaged status Not for loan Collection code Home library Current library Date acquired Source of acquisition Total Checkouts Barcode Date last seen Price effective from Koha item type
    Dewey Decimal Classification     Colección Infantil General Biblioteca Pública Metropolitana Salomé Ureña Biblioteca Pública Metropolitana Salomé Ureña 11/23/2016 FUNDI   BPMSU16111517 11/23/2016 11/23/2016 Libros